00385nam a2200157Ia 4500003000400000008004100004040001600045082001300061100001600074245003600090260003000126300001000156490002400166650001500190650002200205GCL140319s9999 xx 000 0 eng d aGCL / cGCL04a843bG V1 aGIDE, ANDRE10aVOYAGE AU CONGO / cGIDE, ANDRE a[S.N] : bFOLIO ، c1995 a554 P aCOLLECTION FOLIOv004aLITERATURE04aFRENCH LITERATURE